000 00292nam a22001337a 4500
008 181102b xxu||||| |||| 00| 0 eng d
020 _a01554115603
041 _aeng
080 _a101
100 _a24
101 _aFIL
245 _aIntroducing Philosophy
_cRobert.S.C
942 _2udc
_cBK
999 _c51620
_d51620